Normal view
MARC view
Entry Personal Name
001 - CONTROL NUMBER
- control field: 26268
003 - CONTROL NUMBER IDENTIFIER
- control field: ARRUPE
005 - DATE AND TIME OF LATEST TRANSACTION
- control field: 20160927114316.0
008 - FIXED-LENGTH DATA ELEMENTS
- fixed length control field: 160927|| aca||aabn | a|a d
040 ## - CATALOGING SOURCE
- Original cataloging agency: ARRUPE
- Transcribing agency: ARRUPE
100 ## - HEADING--PERSONAL NAME
- Personal name: Phillips, Arthur,
- Dates associated with a name: 1907-
- Relator term: ed.
670 ## - SOURCE DATA FOUND
- Source citation: Work cat.: (ARRUPE)0: Phillips, Arthur, 1907- ed., Survey of African marriage and family life., 1953.